| 000 | 00527nam a22001817a 4500 | ||
|---|---|---|---|
| 005 | 20250124104142.0 | ||
| 008 | 250124b |||||||| |||| 00| 0 eng d | ||
| 020 | _a9788178844619 | ||
| 050 |
_aHG8531 _b.I16 RAZ |
||
| 100 | _aRazdan Dheeraj | ||
| 245 |
_aInsurance: _bPrinciples, Applications and Practices/ _cDheeraj Razdan |
||
| 250 | _a1st Ed. | ||
| 260 |
_aNew Delhi _bCyber Tech Publication _c2009 |
||
| 300 |
_a256p. _c23 cm x 14.5 cm |
||
| 500 | _aIncludes Index | ||
| 650 | _2Insurance | ||
| 942 |
_2lcc _cBK _e1st Ed. _n0 |
||
| 999 |
_c2975 _d2975 |
||